| 000 | 00566nam a2200157Ia 4500 | ||
|---|---|---|---|
| 008 | 151213s9999 xx 000 0 und d | ||
| 020 | _a9844641705 | ||
| 100 | _aআবু তাহের মজুমদার | ||
| 245 |
_aপ্রেমের কবিতা _cআবু তাহের মজুমদার |
||
| 260 |
_aঢাকা _bঋঅঙ্কুর প্রকাশনী _c2007 |
||
| 300 | _a6521 p. | ||
| 650 | _aBangla | ||
| 650 | _aকাব্য গ্রন্থ | ||
| 700 | _aআবু তাহের মজুমদার | ||
| 999 |
_c3610 _d3610 |
||